00443nam a2200157Ia 4500001000500000005001700005008004100022041000800063082001600071100003000087245011500117260000900232300002800241650000800269654000800277877520260306160634.0260306t2013||||xx |||||||||||||| ||spa|| aESP a371.33bS17 aSalido Soler, ElviraeAUT 0aMateriales didácticos para educación infantil:bcómo construirlos y cómo trabajar con ellos en el aula c2013 a139 páginas :c20 cm. aGEN aCED